00555nam a2200169 450000500170000001000150001702000270003203500140005903700130007308200110008610000150009724500550011226000340016727001120020130000220031350000500033520191031165905.0 aENG-126771 a9789386806130c1495.00 aEN-110303 bDBAD/PUB a709.05 aMadhu Rani aContemporary artists and thinkers /cby Madhu Rani aNew DelhibIshwar Booksc2018 aB-29, Arya Nagar CGHS Ltd., Plot No-91, I.P.ExtensionbPatparganj, New Delhie110092mishwarbooks@gmail.co, av;296p.c24cm(Hb) aIncludes bibliographical references and index